| 000 | 01325nam a22003137a 4500 | ||
|---|---|---|---|
| 999 |
_c2545 _d2545 |
||
| 003 | AR-CdUCM | ||
| 008 | 190304b ||||| |||| 00| 0 spa d | ||
| 020 | _a8472323382 | ||
| 040 |
_aMUNICIPALIDAD PROVINCIAL DEL CUSCO _cBIBLIOTECA MUNICIPAL DEL CUSCO |
||
| 082 |
_a336.34 / _bC95A |
||
| 110 |
_aInstituto de Cooperación Iberoamericana _94266 |
||
| 245 |
_aAmérica Latina : _bdeuda, crisis y perspectivas / |
||
| 260 |
_aMadrid : _bEdiciones Cultura hispánica, _c1984. |
||
| 300 |
_aIX, 255 páginas ; _c23.5 cm. |
||
| 505 | _aContenido: Perspectivas de la economía mundial -- Perspectivas de América Latina en los ochenta -- Situación y perspectivas del desarrollo económico latinoamericano: la experiencia de un organismo financiero multinacional ... | ||
| 650 |
_aAmérica Latina - Crisis _99013 |
||
| 650 |
_aDeudas - América Latina _99014 |
||
| 650 |
_aEconomía - gastos públicos _99015 |
||
| 700 |
_aBarros de Castro, Antonio _99016 |
||
| 700 |
_aVan Houtven, Leo _99017 |
||
| 700 |
_aUrquidi, Victor L. _99018 |
||
| 700 |
_aOrtiz Mena, Antonio _99019 |
||
| 700 |
_aGuitian, Manuel _99020 |
||
| 700 |
_aDevlin, Robert _99021 |
||
| 700 |
_aFrench Davis, Ricardo ... y otros _99022 |
||
| 710 |
_aInstituto de Cooperación Iberoamericana _94266 |
||
| 942 |
_2ddc _cLIBROS |
||
| 945 |
_alccs _d2019-03-04 |
||